| 000 | 00741cam a22002051 4500 | ||
|---|---|---|---|
| 001 | sa 67004207 | ||
| 003 | DLC | ||
| 005 | 20260227112344.0 | ||
| 008 | 090515s1967 ii hc 000 0 eng | ||
| 010 | _asa 67004207 | ||
| 020 | _cRs17.50; $4.00 | ||
| 040 |
_aDLC _cDLC _dDLC |
||
| 050 | 0 | 0 |
_aDS481.B6 _bA34 |
| 100 | 1 |
_aBose, Subhas Chandra, _d1897-1945. |
|
| 245 | 1 | 0 |
_aSubhas Chandra Bose; _bcorrespondence 1924-1932. _cCompiled and edited by Sisir K. Bose, with translations from the Bengali. |
| 250 | _a[1st ed.]. | ||
| 260 |
_aCalcutta, _bNetaji Research Bureau; [distributors in India]: _bOxford Book & Stationery Co. _c[1967] |
||
| 300 |
_axv, 432 p. _bfacsims., ports. _c23 cm. |
||
| 700 | 1 |
_aBose, Sisir Kumar, _d1920-2000, _eed. and tr. |
|
| 999 |
_c74309 _d74309 |
||